000 00390pab a2200157 454500
008 180718b2008 xxu||||| |||| 00| 0 eng d
100 _aKirmani, Nida
245 _aHistory, memory and localised constructions of insecurity
260 _c2008
300 _ap.57-64.
362 _a8 Mar
650 _aViolence
773 _aEconomic and Political Weekly
908 _aN
909 _a77523
999 _c77523
_d77523